Portfolio Performance Measurement diplomová práca

Na minha lista:
Detalhes bibliográficos
Autor principal: Tulimat, Ezaldin
Autor Corporativo: Fakulta podnikového manažmentu EU. Katedra podnikových financií
Outros Autores: Kmeťko, Miroslav, 1969-
Formato: Livro
Idioma:inglês
Publicado em: Bratislava 2018
Tags: Adicionar Tag
Sem tags, seja o primeiro a adicionar uma tag!

MARC

LEADER 00000nbm a2200000 4500
001 0244797
005 20181001111445.8
041 0 |a eng 
044 |a SK 
245 1 0 |a Portfolio Performance Measurement  |b diplomová práca  |c Ezaldin Tulimat ; školiteľ: Miroslav Kmeťko 
264 1 |a Bratislava  |c 2018 
300 |a 59 s. 
100 1 |a Tulimat, Ezaldin 
700 1 |a Kmeťko, Miroslav, 1969- 
710 2 |a Fakulta podnikového manažmentu EU. Katedra podnikových financií